Supply Chain Management: (Record no. 594252)

000 -LEADER
fixed length control field 00429nam a22001457a 4500
020 ## - INTERNATIONAL STANDARD BOOK NUMBER
International Standard Book Number 9789353065966
082 ## - DEWEY DECIMAL CLASSIFICATION NUMBER
Classification number 658.7
Author Mark CHO
100 ## - MAIN ENTRY--PERSONAL NAME
Personal name Chopra, Sunil
245 ## - TITLE STATEMENT
Title Supply Chain Management:
Remainder of title Strategy, planning, and Operation /
Statement of responsibility, etc. Sunil Chopra and Dharam Vir Kalra
250 ## - EDITION STATEMENT
Edition statement 7th Edition.
260 ## - PUBLICATION, DISTRIBUTION, ETC.
Place of publication, distribution, etc. Uttar Pradesh:
Name of publisher, distributor, etc. Pearson India Education,
Date of publication, distribution, etc. 2019.
300 ## - PHYSICAL DESCRIPTION
Extent 562 p. ;
Dimensions 25 cm.
563 ## - BINDING INFORMATION
Binding note PBK.
942 ## - ADDED ENTRY ELEMENTS (KOHA)
Source of classification or shelving scheme
Koha item type Book
Holdings
Withdrawn status Lost status Source of classification or shelving scheme Damaged status Not for loan Permanent Location Current Location Shelving location Date acquired Source of acquisition Total Checkouts Full call number Barcode Date last seen Price effective from Koha item type
          Central Library (CL) Central Library (CL) Supply Chain Management 03/24/2023 Paramount Books   658.7 CHO CL-1411 09/12/2025 03/24/2023 Book
© 2023 Central Library, National University of Sciences and Technology. All Rights Reserved.